• 首页
  • 本馆介绍
  • 公告通知
  • 最新文献
  • 馆藏检索
  • 电子资源
  • 读者导购
  • 参考咨询
  • 我的图书馆
  • 登录
  • 详细信息显示
  • 放入我的书架
  • 预约/预借图书
  • 作者相关作品
  • 分类相关作品
  • 丛书相关作品
  • 出版社相关作品

书目信息

  • 表格格式
  • 工作单格式
  • 卡片格式
题名:
集装箱运输实务
    
 
作者: 武德春
分册:  
出版信息: 北京   机械工业出版社  2003
页数: 285
开本: 24cm
丛书名: 新世纪高职高专物流管理专业规划教材
单 册:
中图分类: U1169
科图分类:
主题词: 综合运输--体制 , 综合运输--结构
电子资源:
ISBN: 7-111-11567-8
000 00645nam0 2200217 450
001 0760515518
005 20070817164835.51
010    @a7-111-11567-8@d¥25.00
100    @a20070817d km y0chiy0120 ea
101 0  @achi
200 1  @a集装箱运输实务@Aji zhuang xiang yun shu shi wu@f武德春@Fwu de chun
210    @a北京@c机械工业出版社@d2003
215    @a285@d24cm
225 2  @a新世纪高职高专物流管理专业规划教材
410  0 @12001 @a新世纪高职高专物流管理专业规划教材
606 0  @a综合运输@x体制
606 0  @a综合运输@x结构
690    @aU1169@v3
701  0 @a武德春@Awu de chun
801  0 @aCN@bPFT@c20070817
905    @a213230@dU1169@eg3@f1
    
    集装箱运输实务/武德春.-北京:机械工业出版社,2003
    285;24cm.-(新世纪高职高专物流管理专业规划教材)
    
    
    ISBN 7-111-11567-8:¥25.00
    
●
相关链接 在E读中查询图书 在五车中查询图书 在当当中查询图书 在豆瓣中查询图书


正题名:集装箱运输实务     索取号:U1169/g3         预约/预借

序号 登录号 条形码 馆藏地/架位号 状态 备注
1 6501369   265013692   经管系资料室/ [索取号:U1169/g3] 在馆    
2 6501370   265013709   密集书库-海洋学院/ [索取号:U1169/g3] 在馆    
唐山师范学院图书馆 欢迎您!
大连网信软件有限公司© 版权所有